[Event "22nd Open"]
[Site "Cappelle la Grande FRA"]
[Date "2006.02.23"]
[Round "7"]
[White "Tirard,H"]
[Black "Delchev,A"]
[Result "0-1"]
[WhiteElo "2447"]
[BlackElo "2661"]
[EventDate "2006.02.18"]

1. e4 c5 2. Nf3 e6 3. d4 cxd4 4. Nxd4 Nc6 5. Nc3 Qc7 6. Be2 a6 7. O-O Nf6
8. Kh1 Nxd4 9. Qxd4 Bc5 10. Qd3 b5 11. f4 Bb7 12. Bf3 h5 13. e5 Ng4 14.
Bxb7 Qxb7 15. Ne4 Rc8 16. a4 Be7 17. axb5 axb5 18. h3 Nh6 19. Be3 O-O 20.
Ng3 Qc6 21. c3 g6 22. Rfd1 Rfd8 23. Ra7 h4 24. Nf1 Nf5 25. Rxd7 b4 26.
Rxd8+ Rxd8 27. Bd4 Bc5 28. Qc4 Qd5 29. Qe2 Qb3 30. Rd3 Qc4 31. Qd1 Bxd4 32.
cxd4 Rxd4 33. Rxd4 Qxd4 0-1

[Event "22nd Open"]
[Site "Cappelle la Grande FRA"]
[Date "2006.02.23"]
[Round "7"]
[White "Grigoriants,S RUS"]
[Black "Shengelia,D"]
[Result "1-0"]
[WhiteElo "2550"]
[BlackElo "2562"]
[EventDate "2006.02.18"]

1. d4 Nf6 2. c4 e6 3. Nc3 Bb4 4. e3 c5 5. Bd3 Nc6 6. Nf3 Bxc3+ 7. bxc3 d6
8. e4 e5 9. d5 Ne7 10. Nh4 h6 11. h3 g5 12. Nf3 Ng6 13. g3 Kf8 14. h4 Kg7
15. hxg5 hxg5 16. Rxh8 Qxh8 17. Bxg5 Bg4 18. Bxf6+ Kxf6 19. Be2 Qh1+ 20.
Kd2 Qg2 21. Ke3 Nf4 22. gxf4 exf4+ 23. Kd3 Rh8 24. Qd2 Bxf3 25. Qxf4+ Ke7
26. Bxf3 Qxf2 27. Qg5+ Ke8 28. Qg2 1-0

[Event "22nd Open"]
[Site "Cappelle la Grande FRA"]
[Date "2006.02.23"]
[Round "7"]
[White "Yevseev,D"]
[Black "Marholev,D"]
[Result "1-0"]
[WhiteElo "2557"]
[BlackElo "2427"]
[EventDate "2006.02.18"]

1. d4 d6 2. e4 Nf6 3. Nc3 g6 4. Be3 Bg7 5. Qd2 c6 6. f3 b5 7. O-O-O b4 8.
Nce2 Qa5 9. Kb1 Be6 10. Nc1 Nbd7 11. Nge2 Nb6 12. Nf4 Nc4 13. Bxc4 Bxc4 14.
Nfd3 Rb8 15. Bh6 Bxh6 16. Qxh6 Qh5 17. Qd2 a5 18. Rde1 Qb5 19. e5 dxe5 20.
Rxe5 Bd5 21. Qh6 e6 22. Nc5 Nd7 23. Nxd7 Kxd7 24. Qf4 Rhf8 25. Nd3 Rbe8 26.
Re3 Kc8 27. Rhe1 Qb8 28. Qh4 h5 29. Nc5 Qd6 30. a3 Kc7 31. R1e2 f5 32. Qe1
Bc4 33. axb4 Bxe2 34. Rxe2 Qxd4 35. Rd2 Qxb4 36. Na6+ 1-0

[Event "22nd Open"]
[Site "Cappelle la Grande FRA"]
[Date "2006.02.23"]
[Round "7"]
[White "Korneev,O"]
[Black "Burmakin,V"]
[Result "0-1"]
[WhiteElo "2649"]
[BlackElo "2519"]
[EventDate "2006.02.18"]

1. e4 g6 2. d4 Bg7 3. Nc3 d6 4. f4 a6 5. Nf3 Nd7 6. a4 e6 7. Bd3 Ne7 8. O-O
c5 9. d5 exd5 10. Nxd5 Nxd5 11. exd5 O-O 12. f5 Ne5 13. Nxe5 Bxe5 14. Qg4
Kh8 15. Kh1 Rg8 16. Qh3 g5 17. Rb1 f6 18. b4 cxb4 19. Rxb4 Qa5 20. Qg4 Rg7
21. Qe4 Bd7 22. Bd2 b5 23. Qe2 Qc7 24. axb5 axb5 25. Be1 Re7 26. Bg3 Qc5
27. Rfb1 Rae8 28. Bf2 Qxd5 29. Bxb5 Bc3 30. Qc4 Qd2 31. Bxd7 Qxf2 32. Be6
Bxb4 33. Qxb4 Qxc2 34. h3 Qc5 35. Qd2 Rc7 36. Rd1 Rd8 37. Qe2 Qe5 38. Qf2
Rb7 39. Bd5 Rb2 40. Qa7 Rdb8 41. Ba2 Qe4 42. Rg1 Qb7 43. Qa3 Ra8 44. Qxd6
Rbxa2 45. Qxf6+ Qg7 46. Qe6 R2a6 47. Qd5 Ra1 48. Kh2 Qc7+ 49. g3 R8a2+ 50.
Rg2 Rxg2+ 51. Kxg2 Qc2+ 52. Kf3 Qd1+ 53. Qxd1 Rxd1 54. Kg4 Rd3 0-1

[Event "22nd Open"]
[Site "Cappelle la Grande FRA"]
[Date "2006.02.23"]
[Round "7"]
[White "Golod,V"]
[Black "Seeman,T"]
[Result "1-0"]
[WhiteElo "2577"]
[BlackElo "2422"]
[EventDate "2006.02.18"]

1. Nf3 Nf6 2. c4 d6 3. d4 g6 4. Nc3 Bf5 5. Nh4 Bd7 6. g3 Bg7 7. Bg2 Nc6 8.
O-O O-O 9. Rb1 a5 10. Re1 Qc8 11. b3 Bh3 12. Bb2 Bxg2 13. Nxg2 e5 14. d5
Nb4 15. e4 Qh3 16. f3 Nh5 17. Qe2 f5 18. exf5 gxf5 19. Nd1 Nf6 20. Nf2 Qh5
21. f4 Qxe2 22. Rxe2 Nd7 23. Bc3 e4 24. Bxg7 Kxg7 25. a3 Nd3 26. Nxd3 exd3
27. Re7+ Rf7 28. Re3 a4 29. b4 Nb6 30. Rxd3 Nxc4 31. Rc1 Nb6 32. Ne3 Re8
33. Kf2 Kf6 34. Kf3 h5 35. Nc4 Nxc4 36. Rxc4 b5 37. Rcc3 Re1 38. Re3 Rb1
39. Re6+ Kg7 40. Rd3 Rf6 41. Re7+ Rf7 42. Re8 Rf8 43. Re2 Rf7 44. Kg2 Kf8
45. Rc3 Rd1 46. Rec2 Rxd5 47. Rxc7 Kg7 48. Rc8 Rd3 49. Rb8 Rxa3 50. Rxb5 h4
51. Rd5 Rf6 52. Rc7+ Kg6 53. Rc6 hxg3 54. hxg3 Rb3 55. Rdxd6 Rxd6 56. Rxd6+
Kf7 57. Rb6 a3 58. Kh3 a2 59. Ra6 Rxb4 60. Rxa2 Rb6 61. Kh4 Kg6 62. Ra8 Kh6
63. Rh8+ Kg6 64. Rg8+ Kf7 65. Rg5 Rh6+ 66. Rh5 Kg6 67. Rxh6+ Kxh6 68. Kh3
Kg6 69. Kg2 Kf6 70. Kf2 Ke6 71. Kf3 Ke7 72. Ke2 Kd6 73. Kd3 Kd5 74. Ke3 Ke6
75. Ke2 Kd6 76. Kd2 Ke6 77. Kc3 Kd7 78. Kd3 Ke7 79. Ke3 Kd7 80. Kf2 Ke6 81.
Kf3 Ke7 82. Ke2 Ke6 83. Kd2 Kd6 84. Kc2 Kc6 85. Kd3 Kc7 86. Ke3 Kc6 87. Ke2
Kd6 88. Kd2 Kc6 89. Ke3 Kd7 90. Kd3 Kc7 91. Kc3 Kd7 92. Kb3 Kc7 93. Kc3 Kd7
94. Kd2 1-0

[Event "22nd Open"]
[Site "Cappelle la Grande FRA"]
[Date "2006.02.23"]
[Round "7"]
[White "Nalbandian,T"]
[Black "Willemze,T"]
[Result "1/2-1/2"]
[WhiteElo "2524"]
[BlackElo "2392"]
[EventDate "2006.02.18"]

1. Nf3 Nf6 2. g3 b6 3. Bg2 Bb7 4. d3 c5 5. e4 d6 6. O-O e6 7. a4 Be7 8. a5
O-O 9. Nc3 d5 10. e5 Nfd7 11. axb6 axb6 12. Rxa8 Bxa8 13. h4 Nc6 14. Qe2 b5
15. Nxb5 Qb8 16. c4 Ncxe5 17. Bf4 Nxf3+ 18. Bxf3 e5 19. Ra1 Bf6 20. Bg5
Bxg5 21. hxg5 e4 22. dxe4 dxc4 23. Na3 Ne5 24. Nxc4 Nxf3+ 25. Qxf3 Re8 26.
Qf4 Qxf4 27. gxf4 Bxe4 28. Nd6 Ra8 29. Rc1 Bc6 30. Rxc5 Ra1+ 31. Kh2 Rh1+
32. Kg3 Rg1+ 33. Kh2 Rh1+ 34. Kg3 Rg1+ 35. Kh4 Rh1+ 36. Kg4 h5+ 37. gxh6
Bd7+ 38. Kf3 Rxh6 39. Nc4 Rh3+ 40. Ke4 Rb3 41. f5 g6 42. fxg6 fxg6 43. Ke5
Bb5 44. Nd6 Rxb2 45. Rxb5 Rxf2 46. Rb7 Rf1 47. Ra7 Rf2 48. Ne4 Re2 49. Kf4
Rg2 50. Ng5 Rf2+ 51. Ke4 Rf1 52. Ne6 Kh8 53. Ke5 Rf5+ 54. Kd6 Rf1 55. Ke7
Kg8 56. Ra4 Rf7+ 57. Kd6 Rf6 58. Rh4 Kf7 59. Rh7+ Kg8 60. Rb7 Kh8 61. Ke7
Rf1 62. Rb8+ Kh7 63. Ra8 Re1 64. Rf8 Ra1 65. Rf2 Ra5 66. Rh2+ Rh5 67. Rd2
Re5 68. Kd6 Rf5 69. Ra2 g5 70. Nd4 Rf1 71. Ke5 Kg6 72. Ra6+ Kh5 73. Nf5
Re1+ 74. Kf6 Rf1 75. Ra4 Rf4 76. Ra3 Rb4 77. Ke5 Rb5+ 78. Ke4 Rb4+ 79. Nd4
Kg4 80. Ra1 Kh3 81. Ke3 g4 82. Rg1 g3 83. Nf5 Rb3+ 84. Kf4 Kh2 85. Rxg3
1/2-1/2

[Event "22nd Open"]
[Site "Cappelle la Grande FRA"]
[Date "2006.02.23"]
[Round "7"]
[White "Petkevich,J"]
[Black "Spraggett,K"]
[Result "0-1"]
[WhiteElo "2433"]
[BlackElo "2581"]
[EventDate "2006.02.18"]

1. Nf3 c5 2. c4 Nf6 3. Nc3 e6 4. g3 b6 5. Bg2 Bb7 6. O-O Be7 7. b3 d6 8.
Bb2 a6 9. e3 O-O 10. Qe2 Nbd7 11. Rfd1 Re8 12. d3 Rb8 13. e4 Qc7 14. Rac1
Bf8 15. d4 cxd4 16. Nxd4 Rbc8 17. Na4 Qb8 18. Ba3 Ba8 19. Re1 g6 20. Rcd1
Rcd8 21. Nc3 Bb7 22. Nc2 Rc8 23. Qd2 Nc5 24. Bb2 Ba8 25. Nb4 Qa7 26. Nd3
Ncd7 27. a4 Qc7 28. Ba3 Rcd8 29. Bb2 Bg7 30. Rc1 Bb7 31. Ba3 Nc5 32. Qc2 h5
33. b4 Ncd7 34. Nb1 Rc8 35. Qe2 a5 36. Nc3 axb4 37. Nb5 Qb8 38. Bxb4 Bf8
39. Qb2 e5 40. Qa3 Rc6 41. Qb3 Rcc8 42. Qa3 Nc5 43. Bxc5 bxc5 44. Nb2 Qa8
45. Qd3 Red8 46. Nd1 Qa5 47. Ndc3 Ra8 48. Rb1 Bc8 49. Red1 Be6 50. Ra1 Rab8
51. Bf1 Be7 52. Qc2 h4 53. Nd5 Nxd5 54. cxd5 Bd7 55. Qd2 Ra8 56. gxh4 Qxd2
57. Rxd2 Ra5 58. Rb2 Rb8 59. Rab1 Kg7 60. h5 gxh5 61. Be2 h4 62. Kf1 f5 63.
Nc3 Rb4 64. Bb5 Bxb5+ 65. axb5 Rxb2 66. Rxb2 Ra3 67. Rb1 Rxc3 68. b6 Bd8
69. b7 Bc7 70. b8=Q Bxb8 71. Rxb8 fxe4 72. Rd8 Rf3 73. Rxd6 e3 74. Re6
Rxf2+ 75. Ke1 Rxh2 76. Rxe5 Rd2 77. Re4 h3 78. Rxe3 h2 79. Rh3 Ra2 80. Kf1
0-1

[Event "22nd Open"]
[Site "Cappelle la Grande FRA"]
[Date "2006.02.23"]
[Round "7"]
[White "Vovk,Y"]
[Black "Narciso Dublan,M"]
[Result "1/2-1/2"]
[WhiteElo "2414"]
[BlackElo "2525"]
[EventDate "2006.02.18"]

1. e4 e6 2. d4 d5 3. Nc3 Nf6 4. Bg5 Be7 5. e5 Nfd7 6. h4 Bxg5 7. hxg5 Qxg5
8. Qd3 h6 9. Nh3 Qh4 10. O-O-O a6 11. Qe3 c5 12. dxc5 Nc6 13. g3 Qb4 14.
Qe2 Qxc5 15. f4 Nb6 16. Qg4 g6 17. Ng5 Bd7 18. Bd3 Qe7 19. Rd2 O-O-O 20.
Rdh2 Qf8 21. Qe2 Nb4 22. Nf3 Kb8 23. Qe3 Nc4 24. Bxc4 dxc4 25. a3 Nd5 26.
Nxd5 exd5 27. Qb6 h5 28. Nd4 Rc8 29. e6 Bxe6 30. Nxe6 fxe6 31. Qxe6 Qe8 32.
Qd6+ Ka8 33. Qxd5 Qe3+ 34. Kb1 Rhd8 35. Qg5 Rd6 36. g4 Rc5 37. Qh6 Rb6 38.
c3 hxg4 39. Rd1 Ka7 40. Qf8 Rf5 41. Qd8 Rh5 42. Qd2 Qxd2 43. Rhxd2 Rf5 44.
Rd4 g5 45. fxg5 Rf2 46. Rxg4 Rbxb2+ 47. Ka1 Ra2+ 48. Kb1 Rfb2+ 49. Kc1 Re2
50. Kb1 Reb2+ 51. Kc1 Rh2 52. Kb1 Rxa3 53. Rxc4 Rg2 54. Rb4 b5 55. c4 Rxg5
56. Kb2 Rf3 57. cxb5 axb5 58. Rb3 Rf4 59. Rd2 Kb6 60. Re3 Rgg4 61. Rb3 Rg5
62. Rbd3 Rb4+ 63. Rb3 Rbg4 64. Rbd3 Rc5 65. Rd4 Rgg5 66. R4d3 Rg7 67. Rc2
Rf5 68. Rcd2 Rg4 69. Rd4 Rg3 70. R4d3 Rgg5 71. Rd8 Ka5 72. Ra8+ Kb4 73.
Rad8 Rf1 74. Rd1 Rf3 75. R8d4+ Kc5 76. R4d3 Rg2+ 77. R1d2 Rxd3 78. Rxg2 Rd1
1/2-1/2

[Event "22nd Open"]
[Site "Cappelle la Grande FRA"]
[Date "2006.02.23"]
[Round "7"]
[White "Bagheri,A"]
[Black "Colin,V"]
[Result "1/2-1/2"]
[WhiteElo "2521"]
[BlackElo "2374"]
[EventDate "2006.02.18"]

1. d4 d5 2. Nf3 c5 3. c4 cxd4 4. cxd5 Nf6 5. Nxd4 Nxd5 6. e4 Nf6 7. e5 Qa5+
8. Nc3 Qxe5+ 9. Be2 Nc6 10. Nxc6 bxc6 11. O-O e6 12. Bf3 Bd7 13. Re1 Qb8
14. Bg5 Be7 15. Qd2 a5 16. Rad1 Ra7 17. Bf4 Qc8 18. Bd6 Bxd6 19. Qxd6 c5
20. Be2 Qc7 21. Qxc7 Rxc7 22. Rd6 Rc6 23. Rd2 Ke7 24. Red1 Rc7 25. Bf3 Bc6
26. Bxc6 Rxc6 27. g4 g5 28. f3 Rb8 29. h4 h6 30. hxg5 hxg5 31. a3 Rcc8 32.
Re1 Rd8 33. Rc2 Rd3 34. Kf2 Rh8 35. Kg3 Rh4 36. Kg2 Nd5 37. Nxd5+ Rxd5 38.
Re4 Kd6 39. b4 cxb4 40. axb4 axb4 41. Rxb4 Ke7 42. Rb7+ Kf6 43. Rcc7 Rd2+
44. Kg1 Rh7 45. Ra7 Kg6 46. Rab7 Rd8 47. Rd7 Rxd7 48. Rxd7 Rh8 49. Kg2 Ra8
50. Kf2 Ra3 51. Rd6 Ra7 52. Rb6 Rc7 53. Ra6 Kf6 54. Ra5 Rc6 55. Rb5 Kg6 56.
Ra5 f5 57. gxf5+ exf5 58. Ra3 Kh5 59. Kg3 Rc8 60. Rb3 Re8 61. Kf2 Rd8 62.
Rb5 f4 63. Rb2 Kh4 64. Kg2 Rd3 65. Ra2 g4 66. fxg4 Kxg4 67. Rb2 Rg3+ 68.
Kf2 Rh3 69. Kg2 f3+ 70. Kg1 Kg3 71. Rg2+ fxg2 1/2-1/2

[Event "22nd Open"]
[Site "Cappelle la Grande FRA"]
[Date "2006.02.23"]
[Round "7"]
[White "Ovod,E"]
[Black "Tunik,G"]
[Result "1-0"]
[WhiteElo "2366"]
[BlackElo "2469"]
[EventDate "2006.02.18"]

1. d4 Nf6 2. c4 e6 3. Nc3 Bb4 4. Qc2 c5 5. dxc5 Qc7 6. Nf3 Bxc5 7. g3 Qb6
8. e3 Be7 9. Bg2 d6 10. O-O Nbd7 11. b3 a6 12. Bb2 Qc7 13. Nd4 O-O 14. Rac1
Re8 15. h3 Nf8 16. f4 Bd7 17. Qf2 Rab8 18. g4 Rec8 19. g5 Ne8 20. f5 Bxg5
21. fxe6 Bxe6 22. Nxe6 Nxe6 23. Nd5 Qd7 24. Nb6 Qe7 25. Nxc8 Rxc8 26. Rcd1
Bf6 27. Bxf6 Nxf6 28. Qg3 Nc5 29. Qxd6 Qxe3+ 30. Kh2 h6 31. Rde1 Qc3 32.
Re5 b6 33. Re7 Qb2 34. Qxb6 Qxa2 35. Rxf6 gxf6 36. Qxf6 Rf8 37. Re3 Ne6 38.
Qxh6 Ng7 39. Rg3 Qb2 40. Qxa6 Re8 41. c5 Qe5 42. Qc4 Qc7 43. Qc3 Re5 44. b4
Rg5 45. h4 Rg6 46. Be4 f5 47. Bd5+ Kh7 48. Kg2 Nh5 49. Rxg6 Kxg6 50. Bf3
Qf4 51. Bd1 Qxh4 52. Bxh5+ Qxh5 53. Qf3 Qh8 54. Qg3+ Kf7 55. Qc7+ Kg6 56.
Qd6+ Kf7 57. c6 Qb2+ 58. Kf3 Qc3+ 59. Kf4 Qh3 60. Qd5+ Kf6 61. Qe5+ Kg6 62.
Qe6+ Kg7 63. Qe7+ Kg8 64. c7 Qg4+ 65. Ke5 Qe4+ 66. Kf6 Qh4+ 67. Ke6 Qe4+
68. Kd7 1-0

[Event "22nd Open"]
[Site "Cappelle la Grande FRA"]
[Date "2006.02.23"]
[Round "7"]
[White "Marzolo,C"]
[Black "Zagrebelny,S"]
[Result "1/2-1/2"]
[WhiteElo "2393"]
[BlackElo "2497"]
[EventDate "2006.02.18"]

1. d4 Nf6 2. c4 e6 3. Nf3 b6 4. g3 c6 5. Bg2 Be7 6. O-O d5 7. Qc2 O-O 8.
Nbd2 Bb7 9. Rd1 Nbd7 10. e4 Rc8 11. b3 Qc7 12. Bb2 Rfd8 13. e5 Ne8 14. cxd5
cxd5 15. Qxc7 Rxc7 16. Rac1 Rdc8 17. Bf1 Nb8 18. Ne1 Ba6 19. Bxa6 Nxa6 20.
a3 Nb8 21. Rxc7 Rxc7 22. Kf1 f6 23. f4 g5 24. fxg5 fxe5 25. dxe5 Bxg5 26.
Ndf3 Bh6 27. Nd4 Ng7 28. Ke2 a6 29. Nd3 Nc6 30. Nxc6 Rxc6 31. Nb4 Rc8 32.
Kd3 a5 33. Nc2 Nf5 34. Nd4 Nxd4 35. Bxd4 b5 36. Bc3 Bf8 37. Bxa5 Bxa3 38.
Bc3 Rf8 39. Ke3 Rc8 40. Kd3 Bc5 41. Bd4 Be7 42. Ra1 h5 43. Ra7 Bf8 44. Rb7
b4 45. Kd2 Bh6+ 46. Kd3 Bf8 47. Kd2 Ra8 48. Kc2 Ra2+ 49. Bb2 Ra6 50. Kd3
Ra8 51. Kc2 Bc5 52. Rb5 Rc8 53. Kd3 Kf7 54. Bd4 Bf8 55. Rb7+ Kg6 56. Rb6
Re8 57. Rb7 Be7 58. Ra7 Kf5 59. h3 Kg6 60. Rb7 Bf8 61. Rb6 Kf5 62. Rb7 Kg6
63. Rb6 Kf5 64. Rb7 Re7 65. Rb8 Rf7 66. Ke3 Bh6+ 67. Kf3 Kg6+ 68. Ke2
1/2-1/2

[Event "22nd Open"]
[Site "Cappelle la Grande FRA"]
[Date "2006.02.23"]
[Round "7"]
[White "Nijboer,F"]
[Black "Sakelsek,T"]
[Result "1/2-1/2"]
[WhiteElo "2571"]
[BlackElo "2418"]
[EventDate "2006.02.18"]

1. e4 e5 2. Nf3 Nf6 3. Nxe5 d6 4. Nf3 Nxe4 5. d4 d5 6. Bd3 Be7 7. O-O Nc6
8. c4 Nb4 9. Be2 Be6 10. Nc3 O-O 11. Be3 Bf5 12. Rc1 dxc4 13. Bxc4 Nxc3 14.
bxc3 Nd5 15. Ne5 c6 16. Qf3 Be6 17. Bb3 Bf6 18. Bd2 Qd6 19. Nd3 b6 20. c4
Ne7 21. d5 Bf5 22. Bf4 Qd7 23. Ne5 Bxe5 24. Bxe5 c5 25. Rfe1 Rfe8 26. h3 f6
27. Bc3 Rad8 28. g4 Bg6 29. h4 h6 30. h5 Bh7 31. Re6 Nc8 32. Rce1 Nd6 33.
Qf4 Rxe6 34. Rxe6 Nf7 35. Kh2 Ng5 36. Re3 Re8 37. f3 f5 38. Bd1 fxg4 39.
Rxe8+ Qxe8 40. Qxg4 Qe7 41. Qc8+ Kf7 42. Qh8 Qf8 43. Qxf8+ Kxf8 44. Be2 Bb1
45. a3 Nf7 46. f4 Ba2 47. Be5 Nxe5 48. fxe5 b5 49. cxb5 Bxd5 50. Kg3 Bb3
51. Kf4 c4 52. Ke3 c3 53. Bg4 Ke7 54. Kd3 c2 55. Kd2 Ba4 56. Kc1 Bxb5 57.
Kxc2 Be8 58. Kc3 g6 59. hxg6 Bxg6 60. Kb4 h5 61. Bxh5 1/2-1/2

[Event "22nd Open"]
[Site "Cappelle la Grande FRA"]
[Date "2006.02.23"]
[Round "7"]
[White "Borges Mateos,J"]
[Black "Vinsot,R"]
[Result "0-1"]
[WhiteElo "2449"]
[BlackElo "2123"]
[EventDate "2006.02.18"]

1. Nf3 Nf6 2. c4 g6 3. Nc3 Bg7 4. d4 O-O 5. Bf4 d6 6. h3 Nbd7 7. e3 c6 8.
Be2 b6 9. O-O Bb7 10. Qc2 Re8 11. Rfd1 Qc8 12. Rac1 e5 13. Bh2 a6 14. b4 c5
15. bxc5 bxc5 16. dxe5 dxe5 17. e4 Nh5 18. Ne1 Nf4 19. Bg4 Ne6 20. Nd5 Nd4
21. Qd3 f5 22. exf5 e4 23. Qg3 h5 24. Bxh5 gxh5 25. Rxd4 cxd4 26. f6 Nxf6
27. Nxf6+ Kf7 28. Nxe8 Qxe8 29. Qg5 Kg8 30. c5 Rc8 31. Bd6 d3 32. Rb1 Bc6
33. Rb6 a5 34. Bf4 Qe6 35. Bd2 Qd5 36. Qg6 Be8 37. Qg3 Qxc5 38. Rb7 Bf7 39.
Qf4 Qd5 40. Rxf7 Qxf7 41. Qxe4 Qc4 42. Qg6 Qf7 43. Qa6 Rf8 44. Nxd3 Qxa2
45. Qxa5 Qb1+ 46. Ne1 Qg6 47. Nf3 Rxf3 48. Qd5+ Rf7 49. Qc4 Kh7 50. g4 Qb1+
51. Kg2 Qb7+ 52. Kg1 hxg4 53. hxg4 Qf3 54. Be3 Rf8 55. Qc2+ Kh8 56. Qg6 Rd8
57. Qh5+ Kg8 58. Kh2 Rd5 59. Qe8+ Kh7 0-1

[Event "22nd Open"]
[Site "Cappelle la Grande FRA"]
[Date "2006.02.23"]
[Round "7"]
[White "Moranda,W"]
[Black "Frick,R"]
[Result "1/2-1/2"]
[WhiteElo "2445"]
[BlackElo "2172"]
[EventDate "2006.02.18"]

1. e4 c5 2. Nc3 Nc6 3. Bb5 e6 4. Bxc6 dxc6 5. d3 e5 6. f4 Bd6 7. Nf3 Bg4 8.
h3 Bxf3 9. Qxf3 exf4 10. Bxf4 Bxf4 11. Qxf4 Qf6 12. Qg3 Ne7 13. O-O-O O-O
14. Kb1 Ng6 15. Rhf1 Qe5 16. Qg4 Qe7 17. Rf5 Ne5 18. Qg3 f6 19. Qe3 Rad8
20. Rdf1 Qd6 21. Ne2 b6 22. g4 Rf7 23. Qg3 Rfd7 24. b3 Nf7 25. Qe3 Re8 26.
h4 h6 27. Ng3 Qd4 28. Qxd4 cxd4 29. Nh5 Rde7 30. Kb2 Nd6 31. R5f2 Re5 32.
Ng3 c5 33. Ne2 h5 34. Ng3 hxg4 35. Rf4 Kf7 36. Rxg4 Rh8 37. a4 Rh7 38. Rff4
g6 39. Rf2 Rh6 40. Rgf4 Ne8 41. c3 dxc3+ 42. Kxc3 g5 43. hxg5 Rxg5 44. Nf5
Rh3 45. R4f3 Rxf3 46. Rxf3 Ke6 47. Rh3 Ng7 48. Ne3 Nh5 49. Nd5 Ke5 50. Ne3
Nf4 51. Rh7 Ne2+ 52. Kd2 Nd4 53. Rxa7 Rh5 54. Rb7 Rh2+ 55. Kd1 Rh1+ 56. Kd2
Rh2+ 57. Kd1 Rh1+ 58. Kd2 1/2-1/2

[Event "22nd Open"]
[Site "Cappelle la Grande FRA"]
[Date "2006.02.23"]
[Round "7"]
[White "Landenbergue,C"]
[Black "Chernyshov,K"]
[Result "0-1"]
[WhiteElo "2419"]
[BlackElo "2539"]
[EventDate "2006.02.18"]

1. d4 Nf6 2. c4 e6 3. Nf3 b6 4. a3 Bb7 5. Nc3 Ne4 6. Nxe4 Bxe4 7. Nd2 Bg6
8. g3 Nc6 9. e3 e5 10. d5 Na5 11. b4 Nb7 12. Bb2 Bd6 13. Bg2 a5 14. Bc3 Qe7
15. O-O O-O 16. Qb3 Bd3 17. Rfe1 e4 18. Qb2 f5 19. Bf1 Bxf1 20. Rxf1 c6 21.
dxc6 dxc6 22. Rfd1 c5 23. bxa5 Nxa5 24. Bxa5 bxa5 25. Rab1 a4 26. Qc2 h5
27. Nf1 Ra6 28. Rd5 Rf6 29. Qd1 Qf7 30. Rb2 h4 31. Rbd2 Bf8 32. Rd8 Qxc4
33. R2d7 Qe6 34. Qh5 Rf7 35. Rd5 c4 36. Qd1 c3 37. Qc2 Rc6 38. gxh4 Kh7 39.
Ng3 Bxa3 40. h5 Be7 41. R8d7 a3 42. Rd1 Ra6 43. Rb7 a2 44. Ra1 Bd6 45. Rxf7
Qxf7 46. Qxc3 Ra3 47. Qd4 Be7 48. Qd7 Qf6 49. Qxf5+ Qxf5 50. Nxf5 Bb4 51.
Nd4 Bc3 52. Nb5 Bxa1 53. Nxa3 Kh6 54. Nc2 Bc3 55. Kg2 Kxh5 0-1

[Event "22nd Open"]
[Site "Cappelle la Grande FRA"]
[Date "2006.02.23"]
[Round "7"]
[White "Leon Hoyos,M"]
[Black "Svetushkin,D"]
[Result "1-0"]
[WhiteElo "2428"]
[BlackElo "2557"]
[EventDate "2006.02.18"]

1. e4 c6 2. c4 e5 3. Nf3 d6 4. d4 Nd7 5. Nc3 Ngf6 6. Be2 Be7 7. O-O O-O 8.
d5 cxd5 9. cxd5 Ne8 10. Be3 a6 11. a4 g6 12. a5 f5 13. Bh6 Rf7 14. Nd2 f4
15. Nc4 Bg5 16. Bxg5 Qxg5 17. f3 h5 18. Qd2 Qd8 19. Na4 Ndf6 20. Qb4 g5 21.
Nab6 Rb8 22. Ra3 g4 23. Nxc8 Rxc8 24. Rc1 Rg7 25. Qe1 Nh7 26. Bd1 Nef6 27.
Rac3 gxf3 28. Bxf3 Ng5 29. Qe2 Nxf3+ 30. Qxf3 Kh7 31. Qh3 Rg4 32. Nb6 Rxc3
33. Rxc3 Qe8 34. Qf3 Qb5 35. Nc4 Qb4 36. Kh1 Kh6 37. Qe2 Rg7 38. Qe1 Ng4
39. h3 Nf6 40. Qe2 h4 41. Qc2 Rg3 42. Nd2 Re3 43. Nf3 Nh5 44. Rxe3 fxe3 45.
Qc8 e2 46. Qh8+ Kg6 47. Qg8+ Ng7 48. Nxh4+ Kg5 49. Qxg7+ Kf4 50. Qg4+ Ke3
51. Qg3+ Kd2 52. Nf3+ Kd1 53. h4 Qxe4 54. Qe1+ 1-0

[Event "22nd Open"]
[Site "Cappelle la Grande FRA"]
[Date "2006.02.23"]
[Round "7"]
[White "Riff,JN"]
[Black "Rozentalis,E"]
[Result "1/2-1/2"]
[WhiteElo "2444"]
[BlackElo "2582"]
[EventDate "2006.02.18"]

1. e4 e6 2. d3 d5 3. Qe2 Nf6 4. Nf3 b6 5. e5 Nfd7 6. g3 c5 7. Bg2 Nc6 8. c4
d4 9. O-O Bb7 10. h4 Be7 11. Na3 h6 12. h5 a6 13. Nc2 Qc7 14. Re1 O-O-O 15.
Bd2 g5 16. hxg6 fxg6 17. b4 cxb4 18. Nfxd4 Nxd4 19. Bxb7+ Qxb7 20. Nxd4 Nc5
21. Be3 h5 22. Red1 Rd7 23. Qf3 Rhd8 24. Qxb7+ Kxb7 25. Ne2 Nxd3 26. Nf4
Nxf4 27. Rxd7+ Rxd7 28. gxf4 Bc5 29. Kg2 Rd3 30. Kf3 Ra3 31. Rg1 Bxe3 32.
fxe3 Rxa2 33. Rxg6 b3 34. Rg1 a5 35. f5 exf5 36. e6 Kc7 37. Rd1 b2 38. e7
b1=Q 39. e8=N+ Kc6 40. Rxb1 a4 41. Nf6 a3 42. Nd5 Rb2 43. Ra1 Rb3 44. Ne7+
Kc5 45. Nxf5 Kxc4 46. Nd4 Rc3 47. Ne2 Rb3 48. Nd4 1/2-1/2

[Event "22nd Open"]
[Site "Cappelle la Grande FRA"]
[Date "2006.02.23"]
[Round "7"]
[White "Novikov,Ma"]
[Black "Bellin,R"]
[Result "1/2-1/2"]
[WhiteElo "2518"]
[BlackElo "2373"]
[EventDate "2006.02.18"]

1. e4 c5 2. Nf3 d6 3. c3 Nf6 4. Qc2 Qc7 5. Bc4 a6 6. d4 b5 7. Bd3 Bb7 8.
Nbd2 cxd4 9. cxd4 Qxc2 10. Bxc2 Nc6 11. d5 Nb4 12. Bb1 Rc8 13. Kd1 Ng4 14.
Rf1 f5 15. exf5 Nxd5 16. Nb3 Ndf6 17. Ke2 Ne5 18. Nbd4 Bd5 19. Rd1 Bc4+ 20.
Ke1 g6 21. fxg6 hxg6 22. Nxe5 dxe5 23. Bxg6+ Bf7 24. Bxf7+ Kxf7 25. Nf3 e4
26. Ng5+ Kg6 27. Nh3 e5 28. a4 Rc2 29. axb5 axb5 30. Ra6 Bc5 31. Bd2 Kf5
32. Rc1 Rxc1+ 33. Bxc1 Ng4 34. Ke2 Bd4 35. Rc6 Nxh2 36. Ng5 Ng4 37. Nf7 Rh2
38. Nd6+ Ke6 39. Nxe4+ Kd5 40. Rg6 Kxe4 41. Rxg4+ Kd5 42. b3 Rh1 43. Be3
Bxe3 44. Kxe3 Rb1 45. b4 Rb3+ 46. Ke2 Rb2+ 47. Ke3 Rb3+ 48. Ke2 1/2-1/2

[Event "22nd Open"]
[Site "Cappelle la Grande FRA"]
[Date "2006.02.23"]
[Round "7"]
[White "Szymanska,M"]
[Black "Skatchkov,P"]
[Result "1-0"]
[WhiteElo "2175"]
[BlackElo "2454"]
[EventDate "2006.02.18"]

1. d4 d5 2. c4 c6 3. e3 Nf6 4. Nf3 Bf5 5. Nc3 e6 6. Nh4 Bg4 7. Qb3 Qb6 8.
h3 Bh5 9. g4 Bg6 10. Nxg6 hxg6 11. g5 Ng8 12. Bd2 Nd7 13. O-O-O Ne7 14. Bd3
Nf5 15. Ne2 O-O-O 16. Qa4 a6 17. Ba5 Qa7 18. Bxd8 Kxd8 19. cxd5 exd5 20.
Bxf5 gxf5 21. Qc2 g6 22. h4 Be7 23. h5 Qb8 24. hxg6 Rxh1 25. Rxh1 fxg6 26.
Rh8+ Nf8 27. Nf4 Qd6 28. Qc5 Kd7 29. Qxd6+ Bxd6 30. Rg8 Bxf4 31. exf4 Ke8
32. Rg7 Ne6 33. Rxg6 Nxf4 34. Rf6 Ke7 35. Rxf5 Ne2+ 36. Kd2 Nxd4 37. Re5+
Kf7 38. Kd3 Ne6 39. Ke3 Nc5 40. Kf3 Nd3 41. Re2 Nc1 42. Re1 Nxa2 43. Kf4
Nb4 44. Kf5 d4 45. g6+ Kf8 46. Kg5 d3 47. Kh6 1-0

[Event "22nd Open"]
[Site "Cappelle la Grande FRA"]
[Date "2006.02.23"]
[Round "7"]
[White "Epishin,V"]
[Black "Wirig,A"]
[Result "1/2-1/2"]
[WhiteElo "2553"]
[BlackElo "2410"]
[EventDate "2006.02.18"]

1. d4 Nf6 2. c4 e6 3. Nf3 Bb4+ 4. Bd2 Qe7 5. g3 Nc6 6. Nc3 Bxc3 7. Bxc3 Ne4
8. Rc1 O-O 9. Bg2 d6 10. d5 Nxc3 11. Rxc3 Nd8 12. dxe6 Nxe6 13. O-O a5 14.
Re1 Bd7 15. e4 Bc6 16. Rce3 Rad8 17. b3 b6 18. Nd2 Qg5 19. Nb1 b5 20. h4
Qc5 21. cxb5 Qxb5 22. Qc1 Nc5 23. Na3 Qb8 24. Qc3 Qa8 25. Nc4 f5 26. Nxa5
Bxe4 27. Bh3 Nd3 28. Rxd3 Bxd3 29. Nc6 Rde8 30. Re7 Rxe7 31. Nxe7+ Kf7 32.
Qxd3 Kxe7 33. Qc3 Qxa2 34. Qxc7+ Ke6 35. Qxg7 Rf7 36. Qh6+ Kd7 37. Qe3 Qa1+
38. Bf1 Qe5 39. Qa7+ Ke8 40. Qb8+ Ke7 41. Bc4 Rg7 42. Qc7+ Kf6 43. Qd8+ Qe7
44. Qc8 Qd7 45. Qa8 Qa7 46. Qc8 Qd7 47. Qa8 Qa7 1/2-1/2

[Event "22nd Open"]
[Site "Cappelle la Grande FRA"]
[Date "2006.02.23"]
[Round "7"]
[White "Neverov,V"]
[Black "Sebenik,M"]
[Result "1-0"]
[WhiteElo "2554"]
[BlackElo "2416"]
[EventDate "2006.02.18"]

1. d4 Nf6 2. c4 g6 3. Nc3 Bg7 4. e4 d6 5. Nge2 O-O 6. Ng3 e5 7. d5 c6 8.
Be2 cxd5 9. cxd5 a6 10. a4 Nbd7 11. O-O h5 12. Bg5 Qe8 13. a5 Nh7 14. Be3
h4 15. Nh1 Qe7 16. Qd2 f5 17. exf5 gxf5 18. f4 Kh8 19. Nf2 exf4 20. Bxf4
Ne5 21. Ra4 Bf6 22. Be3 Rg8 23. Nh3 Ng4 24. Bxg4 fxg4 25. Bd4 Be5 26. Nf4
Bf5 27. Bxe5+ dxe5 28. d6 Qg5 29. Ncd5 exf4 30. Raxf4 Bd7 31. Qd4+ Qg7 32.
Nf6 Bb5 33. Re1 Raf8 34. Re7 Rxf6 35. Rxg7 Kxg7 36. d7 Rd8 37. Rxg4+ Kf7
38. Qd5+ Re6 39. Qh5+ Ke7 40. Qxh7+ Kd6 41. Qxh4 Rxd7 42. Rd4+ Kc6 43. Rxd7
Kxd7 44. Qd4+ Rd6 45. Qg7+ Kc6 46. h4 1-0